Normal view
MARC view
- القراءة (التعليم الابتدائي). قراءة-قابلية للتعلم
Entry Topical Term
001 - CONTROL NUMBER
- control field: 12873
003 - CONTROL NUMBER IDENTIFIER
- control field: JO-AjAnu
005 - DATE AND TIME OF LATEST TRANSACTION
- control field: 20230606072349.0
008 - FIXED-LENGTH DATA ELEMENTS
- fixed length control field: 230606|| aca||aabn | a|a d
040 ## - CATALOGING SOURCE
- Original cataloging agency: JO-AjAnu
- Transcribing agency: JO-AjAnu
150 ## - HEADING--TOPICAL TERM
- Topical term or geographic name entry element: القراءة (التعليم الابتدائي). قراءة-قابلية للتعلم
670 ## - SOURCE DATA FOUND
- Source citation: Work cat.: (JO-AjAnu)6625: مونرو،ماريون مؤلف/ناشد سامي،مترجم/القوصي،عبد العزيز مراجع ومقدم, author 12872, تنمية وعي القراءة:الإستعداد للقراءة وكيف ينشأ في البيت والمدرسة